[Event "Moscow Open 2018 AB"]
[Site "?"]
[Date "2018.02.03"]
[Round "8.8"]
[White "Vokhidov, Shamsiddin"]
[Black "Mozharov, Mikhail"]
[Result "0-1"]
[BlackElo "2539"]
[WhiteElo "2401"]
[LiveChessVersion "1.4.8"]

1. e4 {[%clk 1:30:57]} c5 {[%clk 1:28:03]} 2. Nf3 {[%clk 1:31:16]} e6
{[%clk 1:28:23]} 3. d4 {[%clk 1:31:02]} cxd4 {[%clk 1:28:41]} 4. Nxd4
{[%clk 1:31:22]} Nc6 {[%clk 1:29:09]} 5. Nc3 {[%clk 1:30:27]} Qc7
{[%clk 1:29:28]} 6. Be3 {[%clk 1:30:35]} a6 {[%clk 1:29:51]} 7. Qf3
{[%clk 1:30:59]} Nf6 {[%clk 1:27:29]} 8. O-O-O {[%clk 1:31:13]} Ne5
{[%clk 1:26:17]} 9. Qg3 {[%clk 1:30:43]} b5 {[%clk 1:25:24]} 10. f4
{[%clk 1:29:54]} Neg4 {[%clk 1:25:20]} 11. Bg1 {[%clk 1:30:08]} h5
{[%clk 1:24:09]} 12. Bd3 {[%clk 1:22:56]} b4 {[%clk 1:18:03]} 13. Nce2
{[%clk 1:23:08]} Bb7 {[%clk 1:10:45]} 14. h3 {[%clk 1:04:09]} Nh6
{[%clk 1:10:11]} 15. Qf3 {[%clk 1:03:57]} h4 {[%clk 1:05:29]} 16. Qe3
{[%clk 0:59:45]} Bc5 {[%clk 0:54:02]} 17. Kb1 {[%clk 0:58:26]} Rc8
{[%clk 0:51:36]} 18. Nc1 {[%clk 0:56:12]} d5 {[%clk 0:45:27]} 19. e5
{[%clk 0:52:55]} Ne4 {[%clk 0:45:37]} 20. Ncb3 {[%clk 0:52:10]} Nf5
{[%clk 0:42:35]} 21. Qe1 {[%clk 0:52:25]} Nxd4 {[%clk 0:35:10]} 22. Bxd4
{[%clk 0:52:39]} Be7 {[%clk 0:35:13]} 23. Qe3 {[%clk 0:50:13]} g6
{[%clk 0:33:45]} 24. Rhf1 {[%clk 0:43:39]} Nc5 {[%clk 0:31:53]} 25. Rc1
{[%clk 0:36:10]} a5 {[%clk 0:24:00]} 26. Nxc5 {[%clk 0:29:05]} Bxc5
{[%clk 0:24:24]} 27. c4 {[%clk 0:26:53]} Bxd4 {[%clk 0:11:48]} 28. Qxd4
{[%clk 0:27:13]} dxc4 {[%clk 0:11:36]} 29. Bxc4 {[%clk 0:15:26]} Qd7
{[%clk 0:11:16]} 30. Qe3 {[%clk 0:15:41]} O-O {[%clk 0:06:11]} 31. f5
{[%clk 0:15:13]} exf5 {[%clk 0:05:57]} 32. e6 {[%clk 0:15:33]} Qc6
{[%clk 0:05:33]} 33. exf7+ {[%clk 0:15:33]} Kg7 {[%clk 0:05:09]} 34. Rf4
{[%clk 0:15:47]} Qf6 {[%clk 0:04:55]} 35. Rf2 {[%clk 0:11:32]} Be4+
{[%clk 0:04:30]} 36. Ka1 {[%clk 0:12:01]} a4 {[%clk 0:04:19]} 37. Qe1
{[%clk 0:10:15]} a3 {[%clk 0:01:34]} 38. Bb3 {[%clk 0:07:33]} Rxc1+
{[%clk 0:00:39]} 39. Qxc1 {[%clk 0:08:02]} Rd8 {[%clk 0:00:54]} 40. Qc5
{[%clk 0:35:05]} Qd6 {[%clk 0:30:51]} 41. Qc1 {[%clk 0:34:09]} Qd4
{[%clk 0:27:52]} 42. Re2 {[%clk 0:32:28]} Rc8 {[%clk 0:24:53]} 43. f8=B+
{[%clk 0:24:33]} Rxf8 {[%clk 0:24:33]} 44. Qc7+ {[%clk 0:24:54]} Kf6
{[%clk 0:20:43]} 45. Qc1 {[%clk 0:24:39]} Rd8 {[%clk 0:20:49]} 46. Qe1
{[%clk 0:24:55]} Kg7 {[%clk 0:20:03]} 47. Rf2 {[%clk 0:24:56]} Rd7
{[%clk 0:19:02]} 48. Re2 {[%clk 0:24:35]} Rc7 {[%clk 0:19:03]} 0-1

[Event "Moscow Open 2018 AB"]
[Site "?"]
[Date "2018.02.03"]
[Round "8.9"]
[White "Bocharov, Ivan"]
[Black "Korchmar, Vasiliy"]
[Result "1/2-1/2"]
[BlackElo "2399"]
[WhiteElo "2534"]
[LiveChessVersion "1.4.8"]

1. e4 {[%clk 1:30:44]} e5 {[%clk 1:27:59]} 2. Nf3 {[%clk 1:31:09]} Nc6
{[%clk 1:28:22]} 3. d4 {[%clk 1:31:33]} exd4 {[%clk 1:28:43]} 4. Bc4
{[%clk 1:31:58]} Bc5 {[%clk 1:27:38]} 5. O-O {[%clk 1:32:12]} d6 {[%clk 1:21:33]}
6. c3 {[%clk 1:32:31]} Bg4 {[%clk 1:19:07]} 7. Qb3 {[%clk 1:31:57]} Bxf3
{[%clk 1:19:30]} 8. Bxf7+ {[%clk 1:32:09]} Kf8 {[%clk 1:19:56]} 9. gxf3
{[%clk 1:32:34]} Qf6 {[%clk 0:52:55]} 10. Bh5 {[%clk 1:29:46]} g6
{[%clk 0:45:21]} 11. Bg4 {[%clk 1:28:29]} Ne5 {[%clk 0:39:54]} 12. cxd4
{[%clk 1:15:46]} Bxd4 {[%clk 0:40:03]} 13. Nd2 {[%clk 1:15:05]} h5
{[%clk 0:33:05]} 14. Bh3 {[%clk 1:14:29]} g5 {[%clk 0:28:47]} 15. Kh1
{[%clk 1:03:12]} Ne7 {[%clk 0:27:25]} 16. Qe6 {[%clk 0:53:06]} Qg7
{[%clk 0:23:17]} 17. f4 {[%clk 0:49:05]} Nd3 {[%clk 0:13:56]} 18. fxg5
{[%clk 0:38:16]} Nxf2+ {[%clk 0:13:50]} 19. Rxf2+ {[%clk 0:37:52]} Bxf2
{[%clk 0:14:18]} 20. Nb3 {[%clk 0:31:47]} Qf7 {[%clk 0:13:01]} 21. Bd2
{[%clk 0:21:12]} Qxe6 {[%clk 0:13:27]} 22. Bxe6 {[%clk 0:21:41]} Nc6
{[%clk 0:08:56]} 23. Bd5 {[%clk 0:22:09]} Kg7 {[%clk 0:05:13]} 24. Bxc6
{[%clk 0:21:42]} bxc6 {[%clk 0:05:42]} 25. Bc3+ {[%clk 0:22:11]} Kg6
{[%clk 0:06:04]} 26. Bxh8 {[%clk 0:22:38]} Rxh8 {[%clk 0:06:32]} 27. Rf1
{[%clk 0:22:40]} Be3 {[%clk 0:03:40]} 28. h4 {[%clk 0:22:00]} Re8
{[%clk 0:04:09]} 29. Rf6+ {[%clk 0:21:30]} Kg7 {[%clk 0:04:38]} 30. Kg2
{[%clk 0:21:59]} Rxe4 {[%clk 0:05:01]} 31. Kf3 {[%clk 0:22:28]} Re8
{[%clk 0:04:26]} 32. Rh6 {[%clk 0:22:22]} c5 {[%clk 0:03:04]} 33. Na5
{[%clk 0:08:40]} Bc1 {[%clk 0:03:00]} 34. b3 {[%clk 0:08:25]} Re3+
{[%clk 0:01:40]} 35. Kf2 {[%clk 0:08:54]} Re4 {[%clk 0:01:30]} 36. Rxh5
{[%clk 0:09:38]} d5 {[%clk 0:00:36]} 37. g6 {[%clk 0:05:08]} Kxg6
{[%clk 0:00:56]} 38. Rxd5 {[%clk 0:05:37]} Rxh4 {[%clk 0:01:11]} 39. Rxc5
{[%clk 0:36:04]} Rh2+ {[%clk 0:30:36]} 40. Kf3 {[%clk 0:34:47]} Rxa2
{[%clk 0:31:02]} 41. Nc4 {[%clk 0:35:12]} Bd2 {[%clk 0:22:39]} 42. Rxc7
{[%clk 0:35:22]} a5 {[%clk 0:22:36]} 43. Ke4 {[%clk 0:31:22]} Bb4
{[%clk 0:21:29]} 44. Ra7 {[%clk 0:31:11]} Ra1 {[%clk 0:21:16]} 45. Ne5+
{[%clk 0:31:01]} Kf6 {[%clk 0:20:29]} 46. Ra6+ {[%clk 0:31:30]} Kg5
{[%clk 0:20:51]} 47. Nf3+ {[%clk 0:29:42]} Kh5 {[%clk 0:20:39]} 48. Nd4
{[%clk 0:29:55]} Re1+ {[%clk 0:20:16]} 49. Kd5 {[%clk 0:30:16]} Rc1
{[%clk 0:20:13]} 50. Rc6 {[%clk 0:28:22]} Rxc6 {[%clk 0:19:48]} 51. Kxc6
{[%clk 0:27:33]} Kg6 {[%clk 0:20:08]} 52. Kb5 {[%clk 0:26:30]} 1/2-1/2

[Event "Moscow Open 2018 AB"]
[Site "?"]
[Date "2018.02.03"]
[Round "8.10"]
[White "Tsydypov, Zhamsaran"]
[Black "Fakhrutdinov, Timur"]
[Result "1/2-1/2"]
[BlackElo "2417"]
[WhiteElo "2523"]
[LiveChessVersion "1.4.8"]

1. Nf3 {[%clk 1:16:30]} Nf6 {[%clk 1:30:49]} 2. d4 {[%clk 1:14:16]} d5
{[%clk 1:31:13]} 3. Bg5 {[%clk 1:14:29]} c5 {[%clk 1:30:34]} 4. dxc5
{[%clk 1:11:47]} e6 {[%clk 1:25:45]} 5. e4 {[%clk 1:07:07]} Bxc5 {[%clk 1:14:33]}
6. e5 {[%clk 1:02:13]} h6 {[%clk 1:13:02]} 7. Be3 {[%clk 0:46:49]} Bxe3
{[%clk 1:01:42]} 8. exf6 {[%clk 0:46:55]} Bc5 {[%clk 1:01:28]} 9. fxg7
{[%clk 0:47:17]} Rg8 {[%clk 1:01:50]} 10. Nc3 {[%clk 0:42:28]} Qf6
{[%clk 0:51:15]} 11. Qd2 {[%clk 0:38:59]} a6 {[%clk 0:35:13]} 12. O-O-O
{[%clk 0:38:45]} Rxg7 {[%clk 0:33:52]} 13. Re1 {[%clk 0:35:51]} Kf8
{[%clk 0:32:38]} 14. Na4 {[%clk 0:29:25]} Ba7 {[%clk 0:28:59]} 15. Nb6
{[%clk 0:27:18]} Bxb6 {[%clk 0:28:43]} 16. Qb4+ {[%clk 0:27:43]} Kg8
{[%clk 0:28:14]} 17. Qxb6 {[%clk 0:28:07]} Nc6 {[%clk 0:28:14]} 18. Rg1
{[%clk 0:23:29]} Qf4+ {[%clk 0:21:05]} 19. Kb1 {[%clk 0:20:30]} f6
{[%clk 0:21:21]} 20. Qb3 {[%clk 0:20:09]} Ne5 {[%clk 0:15:07]} 21. Be2
{[%clk 0:19:15]} b5 {[%clk 0:13:35]} 22. g3 {[%clk 0:18:51]} Nxf3
{[%clk 0:13:15]} 23. Bxf3 {[%clk 0:19:14]} Qd6 {[%clk 0:09:52]} 24. Qe3
{[%clk 0:18:29]} Kh7 {[%clk 0:07:39]} 25. Be2 {[%clk 0:15:35]} f5
{[%clk 0:06:24]} 26. Bd3 {[%clk 0:15:28]} d4 {[%clk 0:05:20]} 27. Qe5
{[%clk 0:14:22]} Qxe5 {[%clk 0:05:18]} 28. Rxe5 {[%clk 0:14:51]} Kg6
{[%clk 0:05:21]} 29. Rd1 {[%clk 0:13:22]} Kf6 {[%clk 0:05:19]} 30. f4
{[%clk 0:13:48]} Rd7 {[%clk 0:04:04]} 31. Rde1 {[%clk 0:13:31]} Rd6
{[%clk 0:03:17]} 32. g4 {[%clk 0:11:36]} Ra7 {[%clk 0:02:24]} 33. Rc5
{[%clk 0:10:00]} Bd7 {[%clk 0:01:45]} 34. gxf5 {[%clk 0:08:29]} exf5
{[%clk 0:02:02]} 35. Ree5 {[%clk 0:08:54]} Be6 {[%clk 0:01:27]} 36. Bxf5
{[%clk 0:09:20]} Rg7 {[%clk 0:01:08]} 37. b3 {[%clk 0:09:46]} Rg1+
{[%clk 0:01:01]} 38. Kb2 {[%clk 0:10:10]} Rg2 {[%clk 0:01:02]} 39. h3
{[%clk 0:07:58]} Rf2 {[%clk 0:01:00]} 40. Rxe6+ {[%clk 0:34:57]} Rxe6
{[%clk 0:31:24]} 41. Bxe6 {[%clk 0:35:24]} Kxe6 {[%clk 0:31:15]} 42. Kc1
{[%clk 0:33:55]} d3 {[%clk 0:22:46]} 43. cxd3 {[%clk 0:33:09]} Kd6
{[%clk 0:22:16]} 44. Rh5 {[%clk 0:32:51]} Rxa2 {[%clk 0:21:37]} 45. d4
{[%clk 0:30:17]} Rf2 {[%clk 0:20:25]} 46. Rxh6+ {[%clk 0:29:07]} Kd5
{[%clk 0:20:14]} 47. Rxa6 {[%clk 0:29:28]} Kxd4 {[%clk 0:16:12]} 48. Rg6
{[%clk 0:29:42]} b4 {[%clk 0:09:44]} 49. Rg3 {[%clk 0:26:39]} Ke4
{[%clk 0:08:53]} 50. f5 {[%clk 0:20:51]} Rxf5 {[%clk 0:08:01]} 51. Kd1
{[%clk 0:11:58]} Rf2 {[%clk 0:07:28]} 52. Ke1 {[%clk 0:07:49]} Rh2
{[%clk 0:07:52]} 53. Kf1 {[%clk 0:07:50]} Kf4 {[%clk 0:08:03]} 54. Rd3
{[%clk 0:07:50]} Ke4 {[%clk 0:08:17]} 55. Rg3 {[%clk 0:07:59]} Kf4
{[%clk 0:08:41]} 56. Rg4+ {[%clk 0:08:13]} Kf3 {[%clk 0:09:03]} 57. Kg1
{[%clk 0:08:39]} Rb2 {[%clk 0:09:10]} 58. Rxb4 {[%clk 0:08:54]} 1/2-1/2

[Event "Moscow Open 2018 AB"]
[Site "?"]
[Date "2018.02.03"]
[Round "8.11"]
[White "Dordzhieva, Dinara"]
[Black "Bodnaruk, Anastasia"]
[Result "0-1"]
[BlackElo "2434"]
[WhiteElo "2294"]
[LiveChessVersion "1.4.8"]

1. e4 {[%clk 1:13:37]} c5 {[%clk 1:30:52]} 2. Nf3 {[%clk 1:14:02]} d6
{[%clk 1:31:17]} 3. c3 {[%clk 1:14:06]} Nf6 {[%clk 1:31:30]} 4. Be2
{[%clk 1:14:24]} Nbd7 {[%clk 1:31:27]} 5. d3 {[%clk 1:14:42]} b6 {[%clk 1:31:28]}
6. O-O {[%clk 1:14:59]} Bb7 {[%clk 1:31:55]} 7. Re1 {[%clk 1:14:54]} g6
{[%clk 1:31:27]} 8. a4 {[%clk 1:12:21]} a6 {[%clk 1:27:02]} 9. Nbd2
{[%clk 1:12:10]} Bg7 {[%clk 1:26:58]} 10. Bf1 {[%clk 1:12:20]} O-O
{[%clk 1:24:23]} 11. d4 {[%clk 1:07:43]} e6 {[%clk 1:12:41]} 12. b3
{[%clk 0:47:56]} Qc7 {[%clk 0:59:46]} 13. Bb2 {[%clk 0:47:21]} Bc6
{[%clk 0:43:47]} 14. c4 {[%clk 0:35:13]} cxd4 {[%clk 0:43:55]} 15. Nxd4
{[%clk 0:35:18]} Bb7 {[%clk 0:44:13]} 16. Rc1 {[%clk 0:33:35]} Bh6
{[%clk 0:38:32]} 17. N4f3 {[%clk 0:17:40]} e5 {[%clk 0:34:55]} 18. Qc2
{[%clk 0:16:19]} a5 {[%clk 0:34:17]} 19. Rcd1 {[%clk 0:15:28]} Nc5
{[%clk 0:34:29]} 20. g3 {[%clk 0:14:45]} Bc6 {[%clk 0:28:47]} 21. Re2
{[%clk 0:08:00]} Qb7 {[%clk 0:26:29]} 22. Rde1 {[%clk 0:08:25]} Nh5
{[%clk 0:23:50]} 23. Bg2 {[%clk 0:06:23]} f5 {[%clk 0:22:51]} 24. Nh4
{[%clk 0:06:24]} f4 {[%clk 0:19:39]} 25. Nhf3 {[%clk 0:03:00]} Bd7
{[%clk 0:17:44]} 26. Nf1 {[%clk 0:02:13]} g5 {[%clk 0:12:04]} 27. h3
{[%clk 0:02:33]} fxg3 {[%clk 0:12:07]} 28. fxg3 {[%clk 0:02:54]} g4
{[%clk 0:12:21]} 29. hxg4 {[%clk 0:02:55]} Bxg4 {[%clk 0:12:48]} 30. Rf2
{[%clk 0:02:25]} Qg7 {[%clk 0:11:10]} 31. Qc3 {[%clk 0:02:17]} Rf7
{[%clk 0:08:23]} 32. Nh4 {[%clk 0:02:36]} Rxf2 {[%clk 0:08:18]} 33. Kxf2
{[%clk 0:03:03]} Rf8+ {[%clk 0:08:16]} 34. Kg1 {[%clk 0:03:31]} Qf6
{[%clk 0:06:49]} 35. Nf5 {[%clk 0:02:19]} Bxf5 {[%clk 0:06:55]} 36. exf5
{[%clk 0:02:46]} Qxf5 {[%clk 0:07:09]} 37. Re2 {[%clk 0:02:15]} Nd3
{[%clk 0:03:31]} 38. Ba3 {[%clk 0:01:33]} Qg6 {[%clk 0:01:54]} 39. Bd5+
{[%clk 0:00:40]} Kh8 {[%clk 0:02:01]} 40. Rg2 {[%clk 0:30:37]} Rxf1+
{[%clk 0:30:39]} 41. Kxf1 {[%clk 0:24:50]} Nxg3+ {[%clk 0:30:47]} 42. Kg1
{[%clk 0:25:17]} Be3+ {[%clk 0:28:52]} 0-1

[Event "Moscow Open 2018 AB"]
[Site "?"]
[Date "2018.02.03"]
[Round "8.12"]
[White "Nechaeva, Marina"]
[Black "Hojjatova, Aydan"]
[Result "1/2-1/2"]
[BlackElo "2336"]
[WhiteElo "2421"]
[LiveChessVersion "1.4.8"]

1. d4 {[%clk 1:26:06]} e6 {[%clk 1:30:52]} 2. c4 {[%clk 1:26:30]} Nf6
{[%clk 1:31:17]} 3. Nc3 {[%clk 1:26:39]} Bb4 {[%clk 1:31:28]} 4. Qc2
{[%clk 1:27:03]} d5 {[%clk 1:31:29]} 5. cxd5 {[%clk 1:25:03]} exd5
{[%clk 1:31:58]} 6. Bg5 {[%clk 1:24:39]} h6 {[%clk 1:31:31]} 7. Bd2
{[%clk 1:16:41]} O-O {[%clk 1:21:29]} 8. e3 {[%clk 1:17:03]} c5 {[%clk 1:20:03]}
9. dxc5 {[%clk 1:15:50]} Bxc5 {[%clk 1:13:29]} 10. Nf3 {[%clk 1:15:44]} Nc6
{[%clk 1:13:03]} 11. Nb5 {[%clk 1:15:57]} Bb6 {[%clk 1:12:09]} 12. Be2
{[%clk 1:08:47]} Bg4 {[%clk 1:10:04]} 13. O-O {[%clk 1:08:26]} a6
{[%clk 1:06:19]} 14. Na3 {[%clk 1:06:50]} Rc8 {[%clk 0:56:33]} 15. Qd1
{[%clk 1:04:56]} Ne4 {[%clk 0:52:43]} 16. Rc1 {[%clk 0:55:49]} Qe7
{[%clk 0:46:14]} 17. Nc2 {[%clk 0:50:36]} Rfd8 {[%clk 0:43:48]} 18. Ncd4
{[%clk 0:41:34]} Bxf3 {[%clk 0:30:23]} 19. Nxc6 {[%clk 0:41:31]} Rxc6
{[%clk 0:28:02]} 20. Bxf3 {[%clk 0:41:51]} d4 {[%clk 0:22:17]} 21. Rxc6
{[%clk 0:28:49]} bxc6 {[%clk 0:22:41]} 22. exd4 {[%clk 0:28:36]} Rxd4
{[%clk 0:20:25]} 23. Bxe4 {[%clk 0:28:58]} Qxe4 {[%clk 0:18:52]} 24. Qc1
{[%clk 0:19:35]} Rc4 {[%clk 0:13:13]} 25. Bc3 {[%clk 0:19:16]} Qe2
{[%clk 0:11:38]} 26. Qe1 {[%clk 0:13:09]} Re4 {[%clk 0:11:12]} 27. Qxe2
{[%clk 0:12:22]} Rxe2 {[%clk 0:11:41]} 28. g4 {[%clk 0:12:47]} Rc2
{[%clk 0:09:16]} 29. Kg2 {[%clk 0:13:07]} Be3 {[%clk 0:06:23]} 30. a4
{[%clk 0:10:19]} Bc1 {[%clk 0:05:05]} 31. Rd1 {[%clk 0:08:50]} Bxb2
{[%clk 0:05:24]} 32. Bxb2 {[%clk 0:09:11]} Rxb2 {[%clk 0:05:53]} 33. Rd8+
{[%clk 0:09:30]} Kh7 {[%clk 0:06:23]} 34. Ra8 {[%clk 0:09:54]} c5
{[%clk 0:05:55]} 35. Rxa6 {[%clk 0:10:10]} c4 {[%clk 0:04:18]} 36. Rc6
{[%clk 0:04:48]} Rb4 {[%clk 0:04:09]} 37. a5 {[%clk 0:05:12]} Ra4
{[%clk 0:04:24]} 38. a6 {[%clk 0:05:21]} c3 {[%clk 0:04:31]} 39. Kf3
{[%clk 0:05:43]} c2 {[%clk 0:04:50]} 40. h4 {[%clk 0:36:00]} Rxa6
{[%clk 0:33:32]} 41. Rxc2 {[%clk 0:36:26]} Ra3+ {[%clk 0:32:49]} 42. Ke4 1/2-1/2

[Event "Moscow Open 2018 AB"]
[Site "?"]
[Date "2018.02.03"]
[Round "8.13"]
[White "Soumya, Swaminathan"]
[Black "Kovanova, Baira"]
[Result "1-0"]
[BlackElo "2373"]
[WhiteElo "2349"]
[LiveChessVersion "1.4.8"]

1. d4 {[%clk 1:27:17]} Nf6 {[%clk 1:30:55]} 2. c4 {[%clk 1:27:16]} e6
{[%clk 1:30:31]} 3. Nc3 {[%clk 1:27:06]} Bb4 {[%clk 1:30:53]} 4. e3
{[%clk 1:27:29]} O-O {[%clk 1:31:16]} 5. Bd3 {[%clk 1:27:50]} c5 {[%clk 1:30:37]}
6. Nf3 {[%clk 1:27:51]} b6 {[%clk 1:30:04]} 7. O-O {[%clk 1:27:56]} d5
{[%clk 1:30:06]} 8. cxd5 exd5 {[%clk 1:29:50]} 9. a3 {[%clk 1:28:18]} Bxc3
{[%clk 1:30:14]} 10. bxc3 {[%clk 1:28:46]} Ba6 {[%clk 1:30:15]} 11. Bxa6
{[%clk 1:29:09]} Nxa6 {[%clk 1:30:42]} 12. Qd3 {[%clk 1:29:32]} c4
{[%clk 1:27:38]} 13. Qc2 {[%clk 1:29:56]} b5 {[%clk 1:23:27]} 14. Nd2
{[%clk 1:26:10]} Re8 {[%clk 1:22:21]} 15. Re1 {[%clk 1:25:36]} Nc7
{[%clk 1:15:37]} 16. f3 {[%clk 1:20:57]} Ne6 {[%clk 1:14:18]} 17. Bb2
{[%clk 1:05:04]} Qc7 {[%clk 1:07:29]} 18. Nf1 {[%clk 0:59:44]} a5
{[%clk 1:01:57]} 19. Qd2 {[%clk 0:47:17]} Rab8 {[%clk 1:00:06]} 20. g4
{[%clk 0:43:19]} h5 {[%clk 0:56:31]} 21. h3 {[%clk 0:37:25]} hxg4
{[%clk 0:48:33]} 22. hxg4 {[%clk 0:37:51]} Ng5 {[%clk 0:43:02]} 23. Qg2
{[%clk 0:34:51]} b4 {[%clk 0:40:47]} 24. axb4 {[%clk 0:34:53]} axb4
{[%clk 0:41:14]} 25. cxb4 {[%clk 0:34:52]} Rxb4 {[%clk 0:41:37]} 26. Bc3
{[%clk 0:34:40]} Rb3 {[%clk 0:41:35]} 27. Rac1 {[%clk 0:31:54]} g6
{[%clk 0:40:15]} 28. Re2 {[%clk 0:16:20]} Kg7 {[%clk 0:36:52]} 29. Be1
{[%clk 0:15:38]} Rh8 {[%clk 0:33:40]} 30. Nd2 {[%clk 0:15:52]} Rd3
{[%clk 0:24:33]} 31. Bg3 {[%clk 0:15:15]} Qa5 {[%clk 0:23:49]} 32. Be5
{[%clk 0:11:03]} c3 {[%clk 0:08:33]} 33. Nb3 {[%clk 0:04:08]} Qb6
{[%clk 0:01:35]} 34. Nc5 {[%clk 0:03:57]} Rd2 {[%clk 0:01:23]} 35. Nd7
{[%clk 0:02:35]} Qb5 {[%clk 0:01:10]} 36. Bxf6+ {[%clk 0:02:37]} Kg8
{[%clk 0:01:36]} 37. Ra1 {[%clk 0:00:39]} Nh3+ {[%clk 0:01:16]} 38. Qxh3
{[%clk 0:00:46]} Rd1+ {[%clk 0:01:18]} 39. Kf2 {[%clk 0:01:12]} 1-0

[Event "Moscow Open 2018 AB"]
[Site "?"]
[Date "2018.02.03"]
[Round "8.14"]
[White "Kashlinskaya, Alina"]
[Black "Li, Xueyi"]
[Result "1-0"]
[BlackElo "2176"]
[WhiteElo "2459"]
[LiveChessVersion "1.4.8"]

1. d4 {[%clk 1:30:57]} d5 {[%clk 1:30:54]} 2. c4 {[%clk 1:31:20]} c6
{[%clk 1:31:19]} 3. cxd5 {[%clk 1:31:42]} cxd5 {[%clk 1:31:44]} 4. Bg5
{[%clk 1:32:05]} Nc6 {[%clk 1:31:15]} 5. Nc3 {[%clk 1:32:22]} f6 {[%clk 1:26:54]}
6. e4 {[%clk 1:31:40]} fxg5 {[%clk 1:09:34]} 7. exd5 {[%clk 1:32:02]} Nb8
{[%clk 1:06:43]} 8. Nf3 {[%clk 1:31:50]} Nf6 {[%clk 1:01:28]} 9. Ne5
{[%clk 1:04:39]} a6 {[%clk 0:45:54]} 10. Qb3 {[%clk 0:57:24]} g6 {[%clk 0:39:35]}
11. Rc1 {[%clk 0:47:57]} Bg7 {[%clk 0:27:07]} 12. d6 {[%clk 0:42:38]} e6
{[%clk 0:26:46]} 13. Nb5 {[%clk 0:36:53]} O-O {[%clk 0:11:41]} 14. Nc7
{[%clk 0:34:06]} Ne4 {[%clk 0:04:55]} 15. Bc4 {[%clk 0:19:01]} Qf6
{[%clk 0:03:38]} 16. Rc2 {[%clk 0:14:59]} Kh8 {[%clk 0:02:15]} 17. Nxa8
{[%clk 0:14:53]} b5 {[%clk 0:02:32]} 18. Bd3 {[%clk 0:13:11]} Nxd6
{[%clk 0:01:40]} 19. O-O {[%clk 0:11:40]} Nd7 {[%clk 0:01:06]} 20. Rxc8
{[%clk 0:09:04]} Rxc8 {[%clk 0:01:35]} 21. Nxd7 {[%clk 0:09:28]} Qxd4
{[%clk 0:01:27]} 22. Nab6 {[%clk 0:09:34]} Re8 {[%clk 0:01:15]} 23. Rd1
{[%clk 0:08:08]} Qf4 {[%clk 0:00:45]} 24. g3 {[%clk 0:07:50]} Qf7
{[%clk 0:00:46]} 25. Bxg6 {[%clk 0:06:38]} Qxg6 {[%clk 0:00:43]} 26. Rxd6
{[%clk 0:07:03]} Qb1+ {[%clk 0:01:10]} 27. Kg2 {[%clk 0:07:12]} Qe4+
{[%clk 0:00:46]} 28. Qf3 {[%clk 0:06:41]} Qg6 {[%clk 0:01:04]} 29. Qd3
{[%clk 0:05:41]} Qf7 {[%clk 0:00:50]} 30. b3 {[%clk 0:04:59]} g4 {[%clk 0:00:44]}
31. Rc6 {[%clk 0:04:38]} Qg8 {[%clk 0:00:38]} 32. Qe4 {[%clk 0:04:06]} 1-0

[Event "Moscow Open 2018 AB"]
[Site "?"]
[Date "2018.02.03"]
[Round "8.15"]
[White "Smirnova, Ekaterina"]
[Black "Shuvalova, Polina"]
[Result "0-1"]
[BlackElo "2388"]
[WhiteElo "2102"]
[LiveChessVersion "1.4.8"]

1. d4 {[%clk 1:30:51]} Nf6 {[%clk 1:30:59]} 2. c4 {[%clk 1:31:15]} e6
{[%clk 1:31:26]} 3. Nc3 {[%clk 1:31:28]} Bb4 {[%clk 1:31:51]} 4. e3
{[%clk 1:31:41]} O-O {[%clk 1:32:18]} 5. Bd3 {[%clk 1:31:48]} d5 {[%clk 1:31:07]}
6. Nf3 {[%clk 1:32:08]} c5 {[%clk 1:31:21]} 7. cxd5 {[%clk 1:32:15]} exd5
{[%clk 1:28:58]} 8. dxc5 {[%clk 1:32:38]} Nc6 {[%clk 1:24:02]} 9. h3
{[%clk 1:26:36]} Ne4 {[%clk 1:08:11]} 10. O-O {[%clk 1:21:03]} Nxc3
{[%clk 1:06:00]} 11. bxc3 Bxc5 {[%clk 1:06:21]} 12. Nd4 {[%clk 1:13:39]} Re8
{[%clk 1:03:06]} 13. Nxc6 {[%clk 1:10:47]} bxc6 {[%clk 1:03:30]} 14. c4
{[%clk 1:10:23]} Qg5 {[%clk 0:57:42]} 15. cxd5 {[%clk 0:59:02]} Bxh3
{[%clk 0:51:11]} 16. Qf3 {[%clk 0:58:54]} Bg4 {[%clk 0:50:42]} 17. e4
{[%clk 0:50:27]} Qe5 {[%clk 0:46:29]} 18. Bb2 {[%clk 0:49:24]} Bxf3
{[%clk 0:42:04]} 19. Bxe5 {[%clk 0:49:53]} Rxe5 {[%clk 0:33:39]} 20. gxf3
{[%clk 0:50:21]} Rg5+ {[%clk 0:33:51]} 21. Kh1 {[%clk 0:50:41]} Rd8
{[%clk 0:32:47]} 22. Rg1 {[%clk 0:49:26]} Rh5+ {[%clk 0:32:30]} 23. Kg2
{[%clk 0:49:54]} cxd5 {[%clk 0:32:50]} 24. exd5 {[%clk 0:49:30]} Rg5+
{[%clk 0:30:26]} 25. Kf1 {[%clk 0:49:00]} Rgxd5 {[%clk 0:30:47]} 26. Be2
{[%clk 0:42:11]} Rd2 {[%clk 0:29:16]} 27. Rg4 {[%clk 0:42:33]} f5
{[%clk 0:22:46]} 28. Rc4 {[%clk 0:40:43]} Bb6 {[%clk 0:23:10]} 29. a4
{[%clk 0:38:17]} Re8 {[%clk 0:21:56]} 30. Re1 {[%clk 0:38:42]} g6
{[%clk 0:20:27]} 31. Rb4 {[%clk 0:32:50]} Kh8 {[%clk 0:17:56]} 32. Rb5
{[%clk 0:32:43]} Ra2 {[%clk 0:17:34]} 33. Rd5 {[%clk 0:27:45]} Re7
{[%clk 0:17:06]} 34. Rb5 {[%clk 0:26:20]} Kg7 {[%clk 0:17:18]} 35. Rd5
{[%clk 0:26:15]} h5 {[%clk 0:17:13]} 36. Rb5 {[%clk 0:25:21]} h4 {[%clk 0:17:34]}
0-1

[Event "Moscow Open 2018 AB"]
[Site "?"]
[Date "2018.02.03"]
[Round "8.16"]
[White "Osmak, Iulija"]
[Black "Maltsevskaya, Aleksandra"]
[Result "1-0"]
[BlackElo "2274"]
[WhiteElo "2375"]
[LiveChessVersion "1.4.8"]

1. d4 {[%clk 1:30:56]} Nf6 {[%clk 1:30:52]} 2. c4 {[%clk 1:31:22]} g6
{[%clk 1:31:16]} 3. Nc3 {[%clk 1:31:49]} Bg7 {[%clk 1:31:41]} 4. e4
{[%clk 1:32:16]} d6 {[%clk 1:32:06]} 5. f4 {[%clk 1:32:42]} O-O {[%clk 1:31:57]}
6. Nf3 {[%clk 1:33:06]} c6 {[%clk 1:32:23]} 7. Bd3 {[%clk 1:30:40]} Bg4
{[%clk 1:25:09]} 8. Be3 {[%clk 1:29:25]} a6 {[%clk 1:23:33]} 9. h3
{[%clk 1:23:12]} Bc8 {[%clk 1:16:01]} 10. a4 {[%clk 1:13:54]} a5 {[%clk 1:14:13]}
11. O-O {[%clk 1:14:05]} Na6 {[%clk 1:14:25]} 12. e5 {[%clk 1:12:39]} dxe5
{[%clk 1:10:52]} 13. fxe5 {[%clk 1:12:07]} Ne8 {[%clk 1:04:45]} 14. Ng5
{[%clk 1:00:54]} Nb4 {[%clk 0:59:32]} 15. Bb1 {[%clk 1:00:04]} c5
{[%clk 0:54:27]} 16. d5 {[%clk 0:55:47]} e6 {[%clk 0:50:12]} 17. dxe6
{[%clk 0:32:06]} Bxe6 {[%clk 0:34:14]} 18. Qxd8 {[%clk 0:32:05]} Rxd8
{[%clk 0:34:39]} 19. Bxc5 {[%clk 0:32:19]} Bxc4 {[%clk 0:33:49]} 20. Rf4
{[%clk 0:30:45]} Bb3 {[%clk 0:33:13]} 21. Bxb4 {[%clk 0:23:09]} Bxe5
{[%clk 0:20:30]} 22. Bxf8 {[%clk 0:14:23]} Bxf4 {[%clk 0:20:57]} 23. Bh6
{[%clk 0:14:49]} Rd7 {[%clk 0:21:22]} 24. Ba2 {[%clk 0:07:19]} Bxa2
{[%clk 0:19:52]} 25. Nxa2 {[%clk 0:07:47]} Re7 {[%clk 0:00:33]} 26. Nc3
{[%clk 0:07:14]} Nc7 {[%clk 0:00:49]} 27. Rf1 {[%clk 0:05:09]} Be3+
{[%clk 0:01:16]} 28. Kh1 {[%clk 0:05:19]} f5 {[%clk 0:01:15]} 29. Rd1
{[%clk 0:04:32]} Bf4 {[%clk 0:01:23]} 30. Rd8+ {[%clk 0:02:47]} Ne8
{[%clk 0:01:49]} 31. g3 {[%clk 0:03:07]} Bc1 {[%clk 0:00:54]} 32. Nd5
{[%clk 0:02:16]} Re1+ {[%clk 0:01:15]} 33. Kg2 {[%clk 0:02:44]} Bxb2
{[%clk 0:01:38]} 34. Nc7 {[%clk 0:02:48]} Bg7 {[%clk 0:00:51]} 35. Bxg7
{[%clk 0:02:48]} Kxg7 {[%clk 0:01:16]} 36. Nxe8+ {[%clk 0:03:00]} Kf8
{[%clk 0:01:29]} 37. Nc7+ {[%clk 0:02:37]} Kg7 {[%clk 0:01:54]} 38. Rd7+
{[%clk 0:02:27]} Kh6 {[%clk 0:02:14]} 39. Nce6 {[%clk 0:02:32]} 1-0